000 00596nam a2200217Ia 4500
005 20250923144748.0
008 008 250917s9999 xx 000 0 eng d
037 _aTextual
040 _aDSWL
_beng
_cDSWL
041 _aeng
_2eng
084 _aY:fwM40, N60
_qDSWL
100 _aSimey, T.S.
_9828146
245 0 _aCharles booth social scientist
_cby T.S. Simey
260 _aLondon
_bUniversityPress
_c1960
300 _ax,282p.
365 _aINR
_b30
700 _aM.B.Simey
_9828147
925 _g30
942 _cTEXL
_hY:fwM40, N60
999 _c1443027
_d1443027